Catálogo
 En Linea

Emigración española a Indias. Poblamiento y despoblación antillanos. / (Registro nro. 17440)

Detalles MARC
000 -CABECERA
campo de control de longitud fija 00755nam a2200205 a 4500
001 - NÚMERO DE CONTROL
campo de control 000017916
005 - FECHA Y HORA DE LA ÚLTIMA TRANSACCIÓN
campo de control 20240229073943.0
008 - DATOS DE LONGITUD FIJA--INFORMACIÓN GENERAL
campo de control de longitud fija 100407s1979 dr 000 0 spa d
040 ## - FUENTE DE LA CATALOGACIÓN
Centro catalogador/agencia de origen DO-SdBNP
Lengua de catalogación spa
Centro/agencia transcriptor BNPHU
082 ## - NÚMERO DE LA CLASIFICACIÓN DECIMAL DEWEY
Número de clasificación xxxx
Número de documento/Ítem A773e
049 ## - FONDOS LOCALES (OCLC)
Fondos de biblioteca BNPD
100 1# - ENTRADA PRINCIPAL--NOMBRE DE PERSONA
Nombre de persona Arranz Márquez, Luis
9 (RLIN) 38866
245 10 - MENCIÓN DE TÍTULO
Título Emigración española a Indias. Poblamiento y despoblación antillanos. /
Mención de responsabilidad, etc. Luis Arranz Márquez ; cuidado edición José Chez Checo.
260 ## - PUBLICACIÓN, DISTRIBUCIÓN, ETC.
Lugar de publicación, distribución, etc. Santo Domingo :
Nombre del editor, distribuidor, etc. Fundación García-Arvalo,
Fecha de publicación, distribución, etc. 1979.
300 ## - DESCRIPCIÓN FÍSICA
Extensión 39 p. ;
Dimensiones 21 cm.
490 1# - MENCIÓN DE SERIE
Mención de serie Monográfica
Designación de volumen o secuencia v. 13
504 ## - NOTA DE BIBLIOGRAFÍA, ETC.
Nota de bibliografía, etc. Incluye referencias bibliográficas y notas al pie de las páginas
700 1# - PUNTO DE ACCESO ADICIONAL--NOMBRE DE PERSONA
Nombre de persona Chez Checo, José,
Fechas asociadas al nombre 1949-
Término indicativo de función/relación ed.
9 (RLIN) 10145
830 #0 - PUNTO DE ACCESO ADICIONAL DE SERIE-TÍTULO UNIFORME
Título uniforme Monográfica
Número de parte o sección de la obra no. 13
9 (RLIN) 38867
Existencias
Estado de retiro Estado de pérdida Restricciones de uso No para préstamo Código de colección Localización permanente Ubicación/localización actual Ubicación en estantería Fecha de adquisición Número de inventario Total de préstamos Signatura topográfica completa Código de barras Fecha visto por última vez Número de copia Precio válido a partir de Tipo de ítem Koha
        Dominicana de Servicio General General Depósito 07.04.2010 LF1   xxxx A773e 17916-30 25.06.2020 e. 3 25.06.2020 Libro y Folleto Colección Dominicana de Servicio
        Dominicana de Servicio General General En catalogación 07.04.2010 LF1   xxxx A773e 17916-40 25.06.2020 e. 4 25.06.2020 Libro y Folleto Colección Dominicana de Servicio
        Dominicana de Servicio General General En catalogación 11.04.2011 LF1   xxxx A773e 17916-50 25.06.2020 e. 5 25.06.2020 Libro y Folleto Colección Dominicana de Servicio
      Excluido de préstamo Patrimonio Dominicano Patrimonio Dominicano Patrimonio Dominicano En catalogación 07.04.2010 LF1   xxxx A773e 17916-10 25.06.2020   25.06.2020 Libro y Folleto Colección Patrimonio Dominicano
      Excluido de préstamo Patrimonio Dominicano Patrimonio Dominicano Patrimonio Dominicano En catalogación 07.04.2010 LF1   xxxx A773e 17916-20 25.06.2020 e. 2 25.06.2020 Libro y Folleto Colección Patrimonio Dominicano

Con tecnología Koha